000 00451nmm a2200157Ia 4500
008 251105s9999||||xx |||||||||||||||||und||
020 _a9788493946425
041 _acat
100 _avarios, Autores
245 0 _aDonostia - Sant Sebastià. En un cap de setmana
264 _a[Madrid, España] :
_bEcos Travel Books,
_c2011
300 _a0 páginas
490 _aGUÍAS10
856 _uhttps://public.digitaliapublishing.com/a/36907
942 _cCF
999 _c89296
_d89296